Datum a čas kvízu
33
Celkem bodů
Celkový počet nahraných bodů na tomto kvízu bez doplňovacích otázek.
4.
Pořadí na kvízu
Konečné umístění týmu na tomto kvízu.
Zaznamenané odpovědi
| # | Otázka | Odpověď | Body | Výsledky |
|---|---|---|---|---|
| 1. | Který obchodní řetězec minulý... | Billa | 1 | |
| 2. | Minulý týden média informovala... | v Chorvatsku | 1 | |
| 3. | V pátek proběhlo slavnostní vy... | Vladimír Mišík | 1 | |
| 4. | Automobilka Ford oznámila, že... | Focus | 1 | |
| 5. | Minulý týden se jeden evropský... | FC Barcelona, Camp Nou | 1 | |
| 6. | Za půl bodu uveďte název ameri... | Bratrstvo neohrožených/Band of Brothers; Richard „Dick“ Winters | 0.5 | |
| 7. | Seřaďte následující vojenské h... | 1C 2A 3B 4D | 0 | |
| 8. | Po půl bodu uveďte jméno inter... | Karel Kryl; Píseň neznámého vojína | 0 | |
| 9. | Uveďte jméno zobrazeného česko... | Alois Eliáš | 0 | |
| 10. | Ve kterém satirickém románu vy... | Hlava XXII (Catch-22) | 0 |